| 000 | 01011cam a2200265 i 4500 | ||
|---|---|---|---|
| 003 | SA-RiAUC | ||
| 005 | 20250510174900.0 | ||
| 008 | 250510s1996 su g 00010 ara c | ||
| 020 | _a9960808130 | ||
| 040 |
_aSA-JeALM _bara _cSA-RiAUC _erda |
||
| 082 | 0 | 4 | _a375 |
| 090 |
_a375 _bج ا ن |
||
| 100 | 1 |
_aجان، محمد صالح بن علي، _d1365 هجري- _eمؤلف. |
|
| 245 | 1 | 2 |
_aالمناهج بين الأصالة والتغريب / _cتأليف محمد صالح بن علي جان. |
| 250 | _aالطبعة الأولى. | ||
| 264 | 1 |
_aالطائف، السعودية : _bدار الطرفين، _c1996 |
|
| 300 |
_a324 صفحة ؛ _c24 سم |
||
| 336 |
_aنص _btxt _2rdacontent _3كتاب |
||
| 337 |
_aبدون وسيط _bn _2rdamedia |
||
| 338 |
_aمجلد _bnc _2rdacarrier |
||
| 500 | _aإهداء من المؤلف محمد صالح حان بتاريخ 1416 هـ | ||
| 650 | 7 |
_aالتعليم _xمناهج _2aucsh |
|
| 942 |
_2ddc _cBOOK _n0 |
||
| 949 |
_aSA-JeALM _d250510 _umohamedma123 _n1 |
||
| 999 |
_c7783 _d7783 |
||